mysqli: Table './ulib62015/stat_globaluid' is marked as crashed and should be repaired
select id from stat_globaluid where statuid='20260517103050_3259'
mysqli: Table './ulib62015/stat_globaluid' is marked as crashed and should be repaired
DELETE FROM stat_globaluid
WHERE id NOT IN (
SELECT id
FROM (
SELECT id
FROM stat_globaluid
ORDER BY id DESC
LIMIT 100
) foo
);
mysqli: Table './ulib62015/stat_globaluid' is marked as crashed and should be repaired
insert into stat_globaluid set
statuid='20260517103050_3259',
dt='1778988650',
phpself='/ULIB62015/dublinfull.php',
agent='Mozilla/5.0 AppleWebKit/537.36 (KHTML, like Gecko; compatible; ClaudeBot/1.0; +claudebot@anthropic.com)',
yea='2026',
mon='5',
dat='17',
ip='216.73.216.45'
mysqli: Table './ulib62015/stathist_viewbib_bib_type' is marked as crashed and should be repaired
insert into stathist_viewbib_bib_type set
dat='17' ,
mon='05' ,
yea='2026' ,
statuid='20260517103050_3259' ,
head='13399121258' ,
foot='marc' ,
dt='1778988650'
| LEADER : 00000nam 2200000uu 4500 |
| 001 13399121258 |
| 003 ULIB |
| 008 150529s||||||||th 000 0 tha d |
| 020 ^a9780781797597(pbk)
|
| 024 0 ^a9780781797597(pbk)
|
| 060 0 ^aQS517^bA881 2011
|
| 245 00 ^aAtlas of histology :^bwith functional and clinical correlations /^cDongmei Cui ... [et al.]
|
| 250 ^a1st ed.
|
| 260 ^aPhiladelphia, Pa. :^bWolters Kluwer Health/Lippincott Williams & Wilkins,^cc2011.
|
| 300 ^axiv, 439 p. :^bill. (chiefly col.) ;^c28 cm.
|
| 504 ^aIncludes index
|
| 650 0 ^aHistology^vAtlases
|
| 650 0 ^aHistology, Pathological^vAtlases
|
| 700 0 ^aCui, Dongmei
|
| 945 ^p1540^l0^i022369 |
| 999 ^a57066
|
| คุณยังไม่ได้ล็อกอิน คุณสามารถมีกิจกรรมร่วมกับเว็บไซต์ได้ แต่ต้องล็อกอินก่อน :: |
|
|
|
| ลำดับที่ |
ประเภท |
เลขเรียก/บาร์โค้ด |
สถานที่ |
สถานะ |
| 1. |
 หนังสือ | QS517 A881 2011 Barcode: 022369 | หนังสือทั่วไป | บนชั้น ขอยืม |
|
ยังไม่เคยถูกคอมเมนท์
|
| คอมเมนท์ทรัพยากรรายการนี้ |
|